• 首页
  • 本馆介绍
  • 公告通知
  • 最新文献
  • 馆藏检索
  • 电子资源
  • 读者导购
  • 参考咨询
  • 我的图书馆
  • 登录
  • 详细信息显示
  • 放入我的书架
  • 预约/预借图书
  • 作者相关作品
  • 分类相关作品
  • 丛书相关作品
  • 出版社相关作品

书目信息

  • 表格格式
  • 工作单格式
  • 卡片格式
题名:
有线广播设备技术指标的测量
    
 
作者: ;中央广播事业局地方广播事业管理处 编
分册:  
出版信息: 合肥   安徽科学技术出版社#  1982
页数: 198页
开本: 21cm
丛书名:
单 册:
中图分类: TN933
科图分类:
主题词: 有线广播系统--技术测量 , 技术测量--有线广播系统 , 有线电广播系统
电子资源:
ISBN:
000 00779sam0 2200265 45zhon
001 0656403930
002 0195056838
005 20060820154045.10
010    @dCNY0.65
091    @a15200.18
100    @a19950525d1982 k y0chiy0121 ea
101 0  @achi
102    @aCN@b340000
105    @ay z 000yy
106    @ar
200 10 @a有线广播设备技术指标的测量@f中央广播画业局地方广播事业管理处编@AYou Xian Guang Bo She Bei Ji Shu Zhi Biao De Ce Liang
210    @a合肥@c安徽科学技术出版社#@d1982
215    @a198页@d21cm
606    @a有线广播系统--技术测量
606    @a技术测量--有线广播系统
606 0  @a有线电广播系统
690    @aTN933@v3
711 02 @a中央广播事业局地方广播事业管理处@4编
801  0 @aCN@b上海图书馆 @c20060820
905    @a10447@dTN933@e19
    
    有线广播设备技术指标的测量/中央广播画业局地方广播事业管理处编.-合肥:安徽科学技术出版社#,1982
    198页;21cm
    
    
    ISBN :CNY0.65
    
●
相关链接 在E读中查询图书 在五车中查询图书 在当当中查询图书 在豆瓣中查询图书


正题名:有线广播设备技术指标的测量     索取号:TN933/19         预约/预借

序号 登录号 条形码 馆藏地/架位号 状态 备注
1 0470458   204704588   密集书库/ [索取号:TN933/19] 在馆    
唐山师范学院图书馆 欢迎您!
大连网信软件有限公司© 版权所有